000 01210nam a2200229Ia 4500
001 L340-24159
003 IT-CnALBA
008 170116s9999||||xx |||||||||||||| ||und||
040 _aIT-CnALBA
_cIT-CnALBA
041 _aITALIANO
100 _aCROSA EMILIO
245 0 _aCORSO DI DIRITTO COSTITUZIONALE.
250 _a1a ed.
260 _aTORINO
_bGIAPPICHELLI G. LIBR. SCIENT.
_c1933 [1° Ed.:1933 - Ed.Ling.Originale: 1933]
300 _a619 p. (prefazione: 3)
500 _aDIRITTO E STATO. PERSONALITÀ DELLO STATO. IL POPOLO. IL TERRITORIO. FORME DI STATO. CONFEDERAZIONI. SOCIETÀ DELLE NAZIONI. PROTETTORATI. FUNZIONI: LEGISLATIVA, ESECUTIVA. GIURISDIZIONALE. BICAMERALISMO. RE E SUA LUOGOTENENZA. FORMA DI GOVERNO ITALIANO. GR
501 _aSocietà San Paolo EM - Piazza San Paolo, 14 - 12051 ALBA (CN) (non commercial uses only) ® Copyright 2017
520 _aDIRITTO E STATO. PERSONALITÀ DELLO STATO. IL POPOLO. IL TERRITORIO. FORME DI STATO. CONFEDERAZIONI. SOCIETÀ DELLE NAZIONI. PROTETTORATI. FUNZIONI: LEGISLATIVA, ESECUTIVA. GIURISDIZIONALE. BICAMERALISMO. RE E SUA LUOGOTENENZA. FORMA DI GOVERNO ITALIANO. GR
650 _aDIRITTO CIVILE
942 _cBK
957 _71
999 _a28906
_bSI
_g Copie: 1
_c283246
_d283246